Data governance (Registro nro. 326226)

Detalles MARC
000 -ENCABEZADO
Número de control [NR] 01203nam a22002537a 4500
005 - FECHA Y HORA DE LA ÚLTIMA TRANSACCIÓN
control field 20260406134209.0
008 - DE LONGITUD FIJA DE DATOS DE ELEMENTOS - INFORMACIÓN GENERAL
Elementos de longitud fija [NR] 260406b ||||| |||| 00| 0 eng d
020 ## - NUMERO INTERNACIONAL NORMALIZADO PARA LIBROS [R]
Número Internacional Normalizado del libro [NR] 9780192870193
040 ## - FUENTE DE CATALOGACION [NR]
Agencia de catalogación original [NR] CO-BoUCM
Quien Cataloga Daniela Zuluaga
Quien Clasifica Daniela Zuluaga
041 ## - CODIGO DE IDIOMA [R]
Código de idioma para texto/pista de sonido o título separado [R] Inglés
100 ## - ASIENTO PRINCIPAL--NOMBRE PERSONAL [NR]
Nombre personal [NR] Obendiek, Anke Sophia
ID Autoridad 188516
245 ## - MENCION DE TITULO [NR]
Título [NR] Data governance
Parte restante del título [NR] value orders and jurisdictional conflicts
Mención de responsabilidad, etc. [NR] Anke Sophia Obendiek
260 #1 - PUBLICACION, DISTRIBUCION, ETC. (PIE DE IMPRENTA) [R]
Lugar de publicación, distribución, etc. [R] Oxford
Nombre del editor, distribuidor, etc. [R] Oxford University Press
Fecha de publicación, distribución, etc. [R] 2023
300 ## - DESCRIPCION FISICA [R]
Extensión [R] xii, 218 páginas
Otros detalles físicos [NR] ilustraciones
504 ## - NOTA DE BIBLIOGRAFIA, ETC. [R]
Nota de bibliografía, etc. [NR] Incluye referencias bibliográficas e índices
520 3# - NOTA DE RESUMEN, ETC. [R]
Nota de sumario, etc. [NR] Estudio sobre la gobernanza de datos que explora los conflictos de jurisdicción y los diferentes sistemas de valores que rigen la política de datos a nivel global, con énfasis en la soberanía digital y la regulación de plataformas.
650 #4 - ASIENTO SECUNDARIO DE MATERIA - TERMINO TEMATICO [R]
Término temático o nombre geográfico como elemento de entrada [NR] Gobernanza de datos
9 (RLIN) 188517
650 #4 - ASIENTO SECUNDARIO DE MATERIA - TERMINO TEMATICO [R]
Término temático o nombre geográfico como elemento de entrada [NR] Protección de datos
Subdivisión general [R] Aspectos políticos
9 (RLIN) 188518
650 #4 - ASIENTO SECUNDARIO DE MATERIA - TERMINO TEMATICO [R]
Término temático o nombre geográfico como elemento de entrada [NR] Derecho a la privacidad
Subdivisión general [R] Legislación internacional
9 (RLIN) 188519
650 #4 - ASIENTO SECUNDARIO DE MATERIA - TERMINO TEMATICO [R]
Término temático o nombre geográfico como elemento de entrada [NR] Jurisdicción (Derecho internacional)
9 (RLIN) 18166
710 2# - ASIENTO SECUNDARIO - NOMBRE CORPORATIVO [R]
Nombre corporativo o de jurisdicción como elemento de entrada [NR] Oxford University Press
9 (RLIN) 33039
942 ## - ELEMENTOS DE ENTRADA AGREGADOS (KOHA)
Sistema de clasificación DEWEY
Tema principal Ciencias aplicadas
Tipo de ítem principal el descrito en 300a Libro
Edición 1
Clasificación 005.8
Parte restante de la signatura top. O12d
Título oculto en OPAC No
Existencias
Fecha de último préstamo Total préstamos Signatura topográfica Código de barras Última vez visto Ejemplar Costo de reposición Price effective from Tipo de ítem Perdido Sistema de clasificación Dañado No prestable Tipo de ítem específico Suprimido Ubicación habitual Ubicación actual Localización Fecha de creación Forma de adquisición Costo
07/04/2026 1 005.8 O12d 100175076 07/04/2026 Ej.1 447520.00 06/04/2026 Libro   DEWEY     Libro   Claustro Claustro 4to piso 06/04/2026 Compra 447520.00